000 00542naa a2200205 i 4500
001 76113
003 ES-MaBCM
005 20241016120329.0
008 010702s2001 fra 000 0 fre d
021 _axx
035 _a(OCoLC)1365174030
040 _cES-MaBCM
041 0 _afre
043 _afra
245 0 0 _aLe tableau de bord de l'innovation
650 2 7 _aInnovación
_959013
651 4 _aFrancia
_9115364
773 0 _aEn:
_tLes notes bleues de Bercy
_dParis : 2001
_w104642
_gnº 207, mai, p. 1-16. - Loc. S.326
942 _cAREV
999 _c76113
_d76113